[Event "Vaujany Principal"]
[Site "Vaujany"]
[Date "2012.07.12"]
[Round "1.1"]
[White "Edouard, Romain"]
[Black "Gelas, Christophe"]
[Result "1/2-1/2"]
[WhiteElo "2646"]
[BlackElo "2148"]
[PlyCount "125"]
[EventDate "2012.07.07"]
[SourceDate "2012.07.12"]

1. c4 Nf6 2. d4 c6 3. Nc3 d5 4. Nf3 dxc4 5. a4 Bf5 6. e3 e6 7. Bxc4 Bb4 8. O-O
O-O 9. Nh4 Be4 10. Nxe4 Nxe4 11. Nf3 Nd7 12. Qb3 Qe7 13. Bd3 f5 14. a5 Ndf6 15.
a6 b6 16. Ne5 Rac8 17. Ra4 Bd6 18. f3 {Diagramme #} Bxe5 19. dxe5 Nc5 20. exf6
Qd8 21. Qa2 Qxd3 22. fxg7 Rfd8 23. Ra3 Qe2 24. Rc3 Rd1 25. Rxd1 Qxd1+ 26. Kf2
Qd5 27. Qa3 Rd8 28. h3 Kxg7 29. Qb4 Qe5 30. Qh4 Qf6 31. Qg3+ Kh8 32. Qc7 Rd1
33. Qb8+ Qd8 34. Qe5+ Kg8 35. Kg3 Qd6 36. Qxd6 Rxd6 37. e4 fxe4 38. Be3 Nxa6
39. Bf4 e5 40. Bxe5 Rg6+ 41. Kf4 exf3 42. gxf3 Nb4 43. Ke4 Kf7 44. f4 Rg1 45.
Bb8 Re1+ 46. Kf3 a5 47. Bc7 Re6 48. f5 Rf6 49. Kg4 Nd5 50. Rd3 Nxc7 51. Rd7+
Kg8 52. Rxc7 b5 53. h4 a4 54. Kg5 Rd6 55. h5 h6+ 56. Kf4 Rd2 57. Ke5 Rxb2 58.
Kf6 a3 59. Rc8+ Kh7 60. Rc7+ Kg8 61. Ra7 a2 62. Ra6 Kh7 63. Ra7+ 1/2-1/2

[Event "Vaujany Principal"]
[Site "Vaujany"]
[Date "2012.07.12"]
[Round "1.3"]
[White "Epishin, Vladimir"]
[Black "Gonella, Daniele"]
[Result "1-0"]
[WhiteElo "2567"]
[BlackElo "2121"]
[PlyCount "61"]
[EventDate "2012.07.07"]
[SourceDate "2012.07.12"]

1. d4 Nf6 2. Nf3 g6 3. Bf4 Bg7 4. e3 d5 5. Nbd2 c5 6. dxc5 Qa5 7. a3 Qxc5 8. b4
Qb6 9. c4 O-O 10. Rc1 a5 11. c5 Qa7 12. b5 a4 13. Be5 Ne4 14. Bxg7 Kxg7 15. Qc2
Bf5 16. Bd3 Nd7 17. Bxe4 dxe4 18. Nd4 Rac8 19. c6 Ne5 20. O-O Nd3 21. Rb1 bxc6
22. b6 Qa6 23. b7 Rb8 24. Qxc6 Qa5 25. Nxe4 Ne5 26. Nxf5+ gxf5 27. Qc5 Qxc5 28.
Nxc5 Rbd8 29. Rfd1 Nc6 30. Kf1 Nb8 31. Nxa4 1-0

[Event "Vaujany Principal"]
[Site "Vaujany"]
[Date "2012.07.12"]
[Round "1.4"]
[White "Chauvet, Vincent"]
[Black "Gozzoli, Yannick"]
[Result "0-1"]
[WhiteElo "2118"]
[BlackElo "2547"]
[PlyCount "50"]
[EventDate "2012.07.07"]
[SourceDate "2012.07.12"]

1. d4 Nf6 2. c4 e6 3. Nc3 Bb4 4. Qc2 O-O 5. a3 Bxc3+ 6. Qxc3 b5 {
Diagramme # Une idee du GMI Hongrois Andras Adorjan.} 7. cxb5 c6 8. Bg5 {
la ligne positionnelle} (8. bxc6 Nxc6 {
suivi de Ba6-Rc8 donne de bonnes compensations aux Noirs.}) 8... cxb5 9. e3 Bb7
10. Nf3 h6 11. Bh4 a6 12. Be2 d6 $6 {joue trop vite.} (12... g5 13. Bg3 Ne4 {
est meilleur.}) 13. Qb4 $2 {une faute qui donne l'avantage aux Noirs.} (13.
Bxf6 $1 {posait de serieux problemes aux Noirs.} Qxf6 (13... gxf6 14. e4 $1 $16
{avec l'idee Qe3.}) 14. Qc7 Be4 15. Qxd6 Rc8 $16) 13... Nc6 $1 14. Bxf6 {
pensant attraper le Na1 en fin de variante mais...} (14. Qd2 g5 15. Bg3 Ne4 $17
) 14... Nxb4 15. Bxd8 Nc2+ 16. Kd2 Nxa1 17. Be7 Nb3+ $1 {
la pointe qui gagne du materiel et la partie} 18. Ke1 (18. Kc3 {Diagramme #}
Rfc8+ $1 19. Kxb3 Bd5+ 20. Kb4 a5+ 21. Kxb5 Rcb8+ 22. Ka4 Bb3#) 18... Rfc8 19.
Bd1 Rc1 20. Bxd6 Bxf3 21. gxf3 Rac8 22. Ke2 Rb1 23. Kd3 Nc1+ $1 24. Ke4 Rc6 25.
Be5 f5+ 0-1

[Event "Vaujany Principal"]
[Site "Vaujany"]
[Date "2012.07.12"]
[Round "1.5"]
[White "Horvath, Jozsef"]
[Black "Mahiouz, Oualid"]
[Result "1-0"]
[WhiteElo "2531"]
[BlackElo "2096"]
[PlyCount "55"]
[EventDate "2012.07.07"]
[SourceDate "2012.07.12"]

1. c4 Nf6 2. Nc3 e6 3. Nf3 b6 4. g3 Bb7 5. Bg2 Be7 6. O-O O-O 7. d4 d5 8. cxd5
Nxd5 9. Qc2 Na6 10. Rd1 Qc8 11. e4 Nxc3 12. bxc3 c5 13. d5 exd5 14. exd5 Bf6
15. Bg5 Qd8 16. Qf5 Bxg5 17. Nxg5 g6 18. Qf4 h6 19. Ne4 Kg7 20. Nd6 Bc8 21. Re1
Bd7 22. Re3 Nc7 23. Rae1 Ne8 24. Re7 Nxd6 25. Qxd6 Re8 26. Qe5+ Kg8 27. d6 Rb8
28. Bd5 1-0

[Event "Vaujany Principal"]
[Site "Vaujany"]
[Date "2012.07.12"]
[Round "1.6"]
[White "Houard, Sebastien"]
[Black "Riff, Jean-Noel"]
[Result "1-0"]
[WhiteElo "2089"]
[BlackElo "2500"]
[PlyCount "123"]
[EventDate "2012.07.07"]
[SourceDate "2012.07.12"]

1. e4 c5 2. Nf3 d6 3. d4 Nf6 4. Nc3 cxd4 5. Nxd4 e6 6. Be3 Be7 7. f3 O-O 8. Qd2
e5 9. Nb3 Be6 10. O-O-O a5 11. Kb1 a4 12. Nc1 a3 13. b3 Na6 14. g4 Nc7 15. g5
Nd7 16. Nb5 Nxb5 17. Bxb5 Rc8 18. Nd3 Nb8 19. Nb4 Nc6 20. Nd5 Bxd5 21. exd5 Nd4
22. Bxd4 exd4 23. h4 Rc5 24. Bd3 {Diagramme #} Qc8 25. f4 Bd8 26. h5 f5 27. Qb4
Ba5 28. Qxd4 Bc3 29. Qf2 Kh8 30. h6 g6 31. Bc4 Qc7 32. Rh3 Bb2 33. Qe2 Qb6 34.
Re1 Rcc8 35. c3 Qa5 36. Qd3 Qc5 37. Rhe3 b5 38. Bxb5 Qxc3 39. Qxc3+ Bxc3 40.
R1e2 Bb2 41. Bc6 Kg8 42. b4 Rc7 43. b5 Bd4 44. Rxa3 Kf7 45. Rd3 Bc5 46. a4 Ra7
47. Ra2 Re7 48. a5 Re4 49. Rf3 Rb8 50. Kc2 Re2+ 51. Kb3 Re4 52. Ra4 Re1 53. Rc3
Bf2 54. a6 Ba7 55. Rac4 Bb6 56. Kc2 Ra1 57. Bb7 Re8 58. Rc7+ Bxc7 59. Rxc7+ Kg8
60. Rc8 Rxc8+ 61. Bxc8 Ra5 62. b6 1-0

[Event "Vaujany Principal"]
[Site "Vaujany"]
[Date "2012.07.12"]
[Round "1.7"]
[White "Stets, Dmitry"]
[Black "Neuhauser, Salome"]
[Result "0-1"]
[WhiteElo "2426"]
[BlackElo "2067"]
[PlyCount "84"]
[EventDate "2012.07.07"]
[SourceDate "2012.07.12"]

1. e4 c5 2. Nf3 d6 3. d4 cxd4 4. Nxd4 Nf6 5. Nc3 a6 6. Be3 e5 7. Nb3 Be6 8. Qd2
Be7 9. O-O-O Nbd7 10. f4 Qc7 11. f5 Bc4 12. Kb1 b5 13. g4 b4 14. Bxc4 Qxc4 15.
Nd5 Nxd5 16. exd5 a5 17. Qg2 f6 18. Nd2 Qa6 19. Ne4 a4 20. Rd3 O-O 21. h4 Qc4
22. Nd2 Qa6 23. Qe4 Rfb8 24. g5 b3 25. cxb3 Rb4 26. Nc4 axb3 27. axb3 Qa2+ 28.
Kc2 Rc8 29. Rc3 fxg5 {Diagramme #} 30. f6 Nxf6 31. Qf5 Rcxc4 32. bxc4 Qxb2+ 33.
Kd3 e4+ 34. Kd4 Rb8 35. Qe6+ Kf8 36. Rhc1 Qb6+ 37. c5 Qb4+ 38. Rc4 Qb2+ 39.
R1c3 dxc5+ 40. Ke5 Qh2+ 41. Kf5 g6+ 42. Kxg5 Qg3+ 0-1

[Event "Vaujany Principal"]
[Site "Vaujany"]
[Date "2012.07.12"]
[Round "1.8"]
[White "Adam, Gyorgy Sr"]
[Black "Serafimov, Tervel"]
[Result "0-1"]
[WhiteElo "2066"]
[BlackElo "2425"]
[Annotator "Jean-pierre,LEES"]
[PlyCount "88"]
[SourceDate "2012.07.12"]
[TimeControl "240+2"]

{1024MB, Fritz8.ctg
} 1. e4 c6 2. c4 g6 3. Nc3 Bg7 4. d4 d6 5. Nf3 Nf6 6. Be2
O-O 7. O-O Na6 8. Bg5 (8. Be3) 8... h6 9. Be3 Ng4 10. Bf4 e5 11. dxe5 dxe5 12.
Qxd8 Rxd8 13. Bg3 Re8 14. h3 Nf6 15. Bxe5 Nxe4 16. Bxg7 Kxg7 17. Nxe4 Rxe4 18.
Rfe1 Be6 19. Bf1 Rxe1 20. Rxe1 Rd8 21. a3 Nc5 22. Re3 Rd1 23. Re1 Rxe1 24. Nxe1
Kf6 25. Nf3 Na4 26. b3 Nc5 27. b4 Na4 28. Nd4 Nb2 29. c5 Ke5 30. Nf3+ Ke4 31.
Nd2+ Kd4 32. g4 Kc3 33. Ne4+ Kb3 34. Nd6 Kxa3 35. b5 cxb5 36. Nxb7 Kb4 37. c6
Nc4 38. c7 a5 39. Nd8 Bd7 40. Nxf7 a4 41. Bd3 a3 42. Bb1 Kb3 43. f4 Kb2 44.
Bxg6 a2 0-1

[Event "Vaujany Principal"]
[Site "Vaujany"]
[Date "2012.07.12"]
[Round "1.9"]
[White "Torma, Robert"]
[Black "Deleva, Michael"]
[Result "1-0"]
[WhiteElo "2424"]
[BlackElo "2061"]
[Annotator "Jean-pierre,LEES"]
[PlyCount "87"]
[SourceDate "2012.07.12"]
[TimeControl "240+2"]

{1024MB, Fritz8.ctg
} 1. e4 e6 2. d4 d5 3. Nc3 Bb4 4. e5 c5 5. a3 Bxc3+ 6. bxc3
Ne7 7. Qg4 cxd4 8. Qxg7 Rg8 9. Qxh7 Qc7 10. Ne2 Nbc6 11. f4 Bd7 12. Qd3 dxc3
13. Nxc3 a6 14. Rb1 Rc8 15. Ne2 Nf5 16. h3 Na7 17. g4 Bb5 18. Rxb5 Nxb5 19.
gxf5 Qa5+ 20. Bd2 Qxa3 21. Qxa3 Nxa3 22. c3 Nb1 23. Kd1 Kd7 24. fxe6+ fxe6 25.
Kc2 Nxd2 26. Kxd2 Rg7 27. h4 Rh8 28. h5 Rg4 29. Rh2 b5 30. Bg2 a5 31. Bf3 Rgg8
32. Nd4 b4 33. cxb4 axb4 34. Kd3 Rc8 35. Rc2 Rxc2 36. Kxc2 Rg8 37. Ne2 Ra8 38.
Kb2 Rb8 39. Kb3 Ke7 40. Nd4 Rf8 41. f5 exf5 42. Bxd5 f4 43. h6 Rh8 44. Nf5+ 1-0

[Event "Vaujany Principal"]
[Site "Vaujany"]
[Date "2012.08.01"]
[Round "1.10"]
[White "Soyer, Jean-Yves"]
[Black "Milchev, Nikolay"]
[Result "0-1"]
[WhiteElo "2056"]
[BlackElo "2421"]
[Annotator "Jean-pierre,LEES"]
[PlyCount "114"]
[SourceDate "2012.07.12"]
[TimeControl "240+2"]

{1024MB, Fritz8.ctg
} 1. Nf3 Nc6 2. e4 e5 3. Bb5 Nf6 4. O-O Nxe4 5. d4 Nd6 6.
dxe5 (6. Bxc6) 6... Nxb5 7. a4 Nbd4 8. Nxd4 d5 (8... Nxd4 9. Qxd4 d5 10. Nc3 c6
) 9. exd6 Bxd6 10. Re1+ Kf8 11. Nb5 Bf5 12. Nxd6 Qxd6 13. Qxd6+ cxd6 14. Bf4
Ne5 15. Bxe5 dxe5 16. Rxe5 Bxc2 17. Nc3 g6 18. Rae1 Kg7 19. Re7 b6 20. Rc7 Rhe8
21. Ree7 Rxe7 22. Rxe7 a5 23. Rd7 Re8 24. f3 Re6 25. Kf2 g5 26. Rd4 h6 27. h4
Kg6 28. hxg5 hxg5 29. Rd2 Bb3 30. Rd8 f6 31. Rd4 f5 32. Rd8 Kf6 33. Rd7 Ke5 34.
g3 Rh6 35. Kg2 Rc6 36. Kf2 f4 37. gxf4+ gxf4 38. Re7+ Re6 39. Rb7 Rh6 40. Kg2
Kd4 41. Rg7 Ke3 42. Rg5 (42. Rg4 Kd2 43. Nd5 (43. Rxf4 Kc2) 43... Kc2 44. Nxb6
Rxb6) 42... Kd2 43. Nd5 Kc2 44. Nxb6 Rxb6 45. Rxa5 Rg6+ 46. Kf2 Rf6 47. Rd5
Kxb2 48. a5 Ka3 49. Re5 Bc4 50. Re4 Kb3 51. Re7 Kb4 52. Re4 Kc3 53. Re7 Re6 54.
Rc7 Re2+ 55. Kg1 Ra2 56. Rc8 Kd4 57. Re8 Bd5 0-1

[Event "Vaujany Principal"]
[Site "Vaujany"]
[Date "2012.07.12"]
[Round "1.11"]
[White "Nguyen, Chi Minh"]
[Black "Bach, Anatole"]
[Result "1-0"]
[WhiteElo "2405"]
[BlackElo "2052"]
[PlyCount "45"]
[EventDate "2012.07.07"]
[SourceDate "2012.07.12"]

1. d4 Nf6 2. c4 c5 3. d5 b5 4. Qc2 g6 5. e4 d6 6. cxb5 a6 7. Nc3 Bg7 8. Nf3 O-O
9. h3 e6 10. dxe6 Bxe6 11. Be3 Re8 12. Rd1 Qb6 13. a3 Nbd7 14. a4 Nf8 15. Be2
Bd7 16. O-O axb5 17. axb5 Ne6 18. Qd2 Bf8 19. Bc4 Qb7 20. Qc2 h6 21. e5 dxe5
22. Nxe5 Nd4 23. Qxg6+ 1-0

[Event "Vaujany Principal"]
[Site "Vaujany"]
[Date "2012.07.12"]
[Round "1.12"]
[White "Brest, Jean-Francois"]
[Black "Kukov, Velislav"]
[Result "0-1"]
[WhiteElo "2044"]
[BlackElo "2404"]
[Annotator "Jean-pierre,LEES"]
[PlyCount "54"]
[SourceDate "2012.07.12"]
[TimeControl "240+2"]

{1024MB, Fritz8.ctg
} 1. d4 Nf6 2. c4 Nc6 3. Nc3 e5 4. d5 Ne7 5. e4 Ng6 6. Be3
Bb4 7. f3 Bxc3+ 8. bxc3 d6 9. Ne2 O-O 10. Qd3 Nh5 11. g4 Nhf4 12. Nxf4 exf4 13.
Bf2 Ne5 14. Qd1 c5 15. Be2 b6 16. h4 h5 17. Qd2 hxg4 18. Qxf4 gxf3 19. Bf1 f5
20. O-O-O fxe4 21. Qxe4 Bf5 22. Qe3 Ng4 23. Qd2 Qf6 24. Bg3 Rae8 25. Bf4 Nf2
26. Bg5 (26. Qxf2 Qxc3+ 27. Qc2 Qxc2#) 26... Qe5 27. Bf4 Qe4 0-1

[Event "Vaujany Principal"]
[Site "Vaujany"]
[Date "2012.07.12"]
[Round "1.13"]
[White "Philippe, Christophe"]
[Black "Veys, Vincent"]
[Result "1-0"]
[WhiteElo "2403"]
[BlackElo "2041"]
[Annotator "Jean-pierre,LEES"]
[PlyCount "107"]
[SourceDate "2012.07.12"]
[TimeControl "240+2"]

{1024MB, Fritz8.ctg
} 1. e4 e5 2. Nf3 Nc6 3. Bc4 Nf6 4. d3 Be7 5. O-O O-O 6.
Re1 d6 7. a4 h6 8. h3 Nh7 9. Nc3 Ng5 10. Nxg5 Bxg5 11. Nd5 Bxc1 12. Qxc1 Be6
13. f4 exf4 14. Qxf4 Ne5 15. b3 Nxc4 16. bxc4 Bxd5 17. cxd5 Qd7 18. a5 Rae8 19.
Rab1 b6 20. axb6 axb6 21. Rf1 Qa4 22. c4 Qc2 23. Rbd1 Ra8 24. Rd2 Qc3 25. Kh2
Ra3 26. h4 Qd4 27. Rf3 Ra1 28. Qe3 Qe5+ 29. g3 Qc3 30. Qf2 Qc1 31. Qg2 Qb1 32.
Rdf2 Ra3 33. Qh3 Ra1 34. Rf1 Ra2+ 35. Kh1 Qb2 36. g4 Ra1 37. g5 Rxf1+ 38. Rxf1
h5 39. g6 Qe5 40. gxf7+ Kh8 (40... Rxf7 $2 41. Qc8+) 41. Qe3 Qe7 42. Qf4 Kh7
43. d4 b5 44. cxb5 g6 45. e5 dxe5 46. dxe5 Qd7 47. Qf3 Qe7 48. e6 Qxh4+ 49. Kg2
Qg5+ 50. Kh3 Qe5 51. Rf2 Qg5 52. Qe4 Qe7 53. Rg2 Qf6 54. e7 1-0

[Event "Vaujany Principal"]
[Site "Vaujany"]
[Date "2012.07.12"]
[Round "1.14"]
[White "Vledouts, Sacha"]
[Black "Foisor, Cristina"]
[Result "0-1"]
[WhiteElo "2035"]
[BlackElo "2401"]
[PlyCount "48"]
[EventDate "2012.07.07"]
[SourceDate "2012.07.12"]

1. Nf3 c5 2. c4 g6 3. Nc3 Bg7 4. d4 cxd4 5. Nxd4 Nc6 6. Nc2 d6 7. g3 Be6 8. Ne3
Rc8 9. Bg2 Qd7 10. Bd2 Bh3 11. O-O h5 12. Be4 Nf6 13. Bh1 Bxf1 14. Nxf1 h4 15.
Nd5 hxg3 16. hxg3 Ne5 17. b3 Rxh1+ 18. Kxh1 Nxd5 19. cxd5 Ng4 20. Kg2 Qf5 21.
f3 Bxa1 22. Qxa1 Qe5 23. Qd1 Nf6 24. e4 Qb2 0-1

[Event "Vaujany Principal"]
[Site "Vaujany"]
[Date "2012.07.12"]
[Round "1.15"]
[White "Olivier, Jean-Christophe"]
[Black "Hoyer, Hans-Gerd"]
[Result "1-0"]
[WhiteElo "2394"]
[BlackElo "2032"]
[PlyCount "45"]
[EventDate "2012.07.07"]
[SourceDate "2012.07.12"]

1. e4 d6 2. d4 Nf6 3. Nc3 c6 4. Nf3 Bg4 5. Be2 e6 6. O-O Be7 7. Bf4 O-O 8. Nd2
Bxe2 9. Qxe2 Na6 10. Rad1 Re8 11. Rfe1 Nc7 12. Nc4 Bf8 13. Bg5 h6 14. Bh4 Be7
15. e5 dxe5 16. Bxf6 gxf6 17. dxe5 Nd5 18. Qh5 f5 19. Rd3 f4 20. Qxh6 Bg5 21.
Qh5 f5 22. Qg6+ Kf8 23. Rh3 1-0

[Event "Vaujany Principal"]
[Site "Vaujany"]
[Date "2012.07.12"]
[Round "1.16"]
[White "Laehnwitz, Alexander"]
[Black "Roos, Daniel"]
[Result "0-1"]
[WhiteElo "2031"]
[BlackElo "2383"]
[PlyCount "96"]
[EventDate "2012.07.07"]
[SourceDate "2012.07.12"]

1. e4 c6 2. d4 d5 3. e5 Bf5 4. h4 h5 5. Bd3 Bxd3 6. Qxd3 e6 7. Nf3 Qa5+ 8. Bd2
Qa6 9. Nc3 Ne7 10. Ng5 Nf5 11. Ne2 c5 12. dxc5 Bxc5 13. b4 Qxd3 14. cxd3 Be7
15. f4 Nc6 16. a3 O-O 17. Kf2 Rfc8 18. Nf3 a5 19. bxa5 Bc5+ 20. Ke1 Nxa5 21. d4
Nb3 22. Rb1 Nbxd4 23. Nfxd4 Nxd4 24. Nxd4 Bxd4 25. Rh3 b6 26. Rd3 Rc4 27. Bb4
Bc5 28. Bxc5 bxc5 29. f5 Re4+ 30. Kf2 Rxe5 31. fxe6 fxe6 32. Rb7 Ra4 33. Rc7
Rf5+ 34. Kg1 Rxh4 35. Rxc5 Re4 36. Rd2 Kf7 37. Ra5 Rff4 38. Rd3 Re2 39. Ra6 Rg4
40. Rf3+ Kg6 41. g3 Kg5 42. Kf1 Rge4 43. a4 Kg4 44. Rf2 Re1+ 45. Kg2 R1e3 46.
Ra7 Rxg3+ 47. Kh2 Kh4 48. a5 Reg4 0-1

[Event "Vaujany Principal"]
[Site "Vaujany"]
[Date "2012.??.??"]
[Round "1.17"]
[White "Foisor, Ovidiu"]
[Black "N'guyen, Emilien"]
[Result "1-0"]
[WhiteElo "2381"]
[BlackElo "2027"]
[Annotator "Foisor O"]
[PlyCount "51"]
[EventDate "2012.07.07"]
[SourceDate "2012.07.12"]

1. c4 c5 2. g3 g6 3. Bg2 Bg7 4. Nc3 Nc6 5. d3 e6 6. Bxc6 $5 {Larsen} bxc6 7. f4
d5 8. Nf3 Ne7 9. e4 h5 $6 (9... dxc4 10. dxc4 Bxc3+ 11. bxc3 Qxd1+ 12. Kxd1 Ba6
) 10. Qc2 Bd7 11. b3 Nc8 12. Bb2 Nb6 $2 13. Nxd5 cxd5 14. Bxg7 Rg8 15. Bb2 d4
16. b4 cxb4 17. Bxd4 f5 $6 18. c5 fxe4 19. dxe4 Ba4 20. Qb2 Nd7 21. Qxb4 Bc6
22. Ng5 e5 23. Qc4 Rg7 24. Ne6 Qf6 25. Nxg7+ Ke7 26. Bc3 1-0

[Event "Vaujany Principal"]
[Site "Vaujany"]
[Date "2012.08.01"]
[Round "1.18"]
[White "Haver, Bas"]
[Black "Juhasz, Kristof"]
[Result "0-1"]
[WhiteElo "2021"]
[BlackElo "2365"]
[Annotator "Jean-pierre,LEES"]
[PlyCount "136"]
[SourceDate "2012.07.12"]
[TimeControl "240+2"]

{1024MB, Fritz8.ctg
} 1. e4 d6 2. d4 Nf6 3. Nc3 e5 4. dxe5 dxe5 5. Qxd8+ Kxd8
6. Bg5 Be6 7. O-O-O+ Kc8 8. Bb5 Nbd7 9. f3 c6 10. Ba4 Nc5 11. Bb3 Nxb3+ 12.
axb3 b5 13. Nge2 Kc7 14. Rd2 a5 15. Rhd1 Bc5 16. Rd3 a4 17. bxa4 b4 18. Nb1
Rxa4 19. Be3 Be7 20. b3 Ra2 21. R1d2 Rha8 22. c4 bxc3 23. Nexc3 Rxd2 24. Nxd2
Nd7 25. Nc4 Bxc4 26. bxc4 Nc5 27. Rd1 Rb8 28. Kc2 Rb4 29. Bxc5 Bxc5 30. Kd3 Bd4
31. Rc1 Kd6 32. Rc2 Kc5 33. Na2 Rb1 34. Nc1 Bg1 35. h3 Bd4 36. Kd2 Kb4 37. Ke2
Ra1 38. Kd2 h5 39. Nd3+ Ka3 40. Nc1 h4 41. Ke2 f6 42. Kd2 g6 43. Ke2 Kb4 44.
Kd2 Ra3 45. Nd3+ Ka5 46. Ke2 Kb6 47. Kd2 Kc7 48. Ke2 Kd7 49. Kd2 Kd6 50. Ke2
Ra1 51. Nc1 Ke6 52. Kd2 Ra3 53. Nd3 Ra4 54. Ke2 Ra1 55. Nc1 f5 56. Kd2 Bb6 57.
Ra2 Be3+ 58. Kxe3 Rxc1 59. Kd3 Rd1+ 60. Kc3 fxe4 61. fxe4 Rd4 62. Re2 c5 63.
Re1 Kf6 64. Re2 Kg5 65. Re3 Kf4 66. Rf3+ Kxe4 67. Rf6 Rd3+ 68. Kc2 Rg3 0-1

[Event "Vaujany Principal"]
[Site "Vaujany"]
[Date "2012.07.12"]
[Round "1.19"]
[White "Kantans, Toms"]
[Black "Michel, Stephan"]
[Result "1-0"]
[WhiteElo "2354"]
[BlackElo "1989"]
[Annotator "Jean-pierre,LEES"]
[PlyCount "71"]
[SourceDate "2012.07.12"]
[TimeControl "240+2"]

{1024MB, Fritz8.ctg
} 1. e4 g6 2. d4 Bg7 3. Nc3 d6 4. f4 a6 5. Nf3 b5 6. Be3
Bb7 7. Bd3 Nd7 8. O-O c5 9. e5 cxd4 10. Bxd4 Nh6 11. Qe1 dxe5 12. fxe5 Bxf3 13.
gxf3 O-O 14. Rd1 b4 15. Nb1 Qa5 16. f4 Nc5 17. Bc4 Nf5 18. a3 Nxd4 19. Rxd4 Qb6
20. Qxb4 Qxb4 21. axb4 Ne6 22. Rd7 Rac8 23. b3 Bh6 24. f5 gxf5 25. Rxe7 Nd4 26.
e6 fxe6 27. c3 Bg5 28. Rb7 Rxc4 29. bxc4 Ne2+ 30. Kf2 Nf4 31. c5 a5 32. c6 Nd3+
33. Ke2 Nf4+ 34. Kd1 Rd8+ 35. Kc2 axb4 36. c7 1-0

[Event "Vaujany Principal"]
[Site "Vaujany"]
[Date "2012.07.12"]
[Round "1.20"]
[White "Borderie, David"]
[Black "Di Nicolantonio, Lucas"]
[Result "0-1"]
[WhiteElo "1988"]
[BlackElo "2321"]
[PlyCount "56"]
[EventDate "2012.07.07"]
[SourceDate "2012.07.12"]

1. Nf3 Nf6 2. c4 e6 3. Nc3 d5 4. e3 Be7 5. b3 O-O 6. Bb2 c5 7. d4 Nc6 8. Be2 b6
9. O-O Bb7 10. dxc5 bxc5 11. cxd5 exd5 12. Rc1 Rc8 13. Na4 Ne4 14. Ne1 Bd6 15.
Bd3 Nb4 16. Bb1 Ba6 17. Nd3 Qh4 18. h3 Ng5 19. Re1 {Diagramme #} Nxh3+ 20. gxh3
Nxd3 21. Bxd3 Qxh3 22. f4 Bxf4 23. exf4 Bxd3 24. Qd2 Rc6 25. Re5 h6 26. f5 Bxf5
27. Qxd5 Rg6+ 28. Kf2 Qh2+ 0-1

[Event "Vaujany Principal"]
[Site "Vaujany"]
[Date "2012.08.02"]
[Round "1.21"]
[White "Kurayan, Ruslan"]
[Black "Van Foreest, Lucas"]
[Result "1-0"]
[WhiteElo "2318"]
[BlackElo "1969"]
[Annotator "Jean-pierre,LEES"]
[PlyCount "49"]
[SourceDate "2012.07.12"]
[TimeControl "240+2"]

{1024MB, Fritz8.ctg
} 1. e4 e5 2. Nf3 Nc6 3. d4 exd4 4. Nxd4 g6 (4... Bc5) (
4... Nf6) 5. Bc4 Bg7 6. Nxc6 bxc6 7. Nc3 Ne7 8. h4 h5 9. Bg5 Rb8 10. Qf3 O-O
11. O-O-O d6 12. Qe3 Kh7 13. e5 d5 14. Qc5 Re8 15. Bxd5 cxd5 16. Nxd5 Bxe5 17.
Nf6+ Bxf6 18. Bxf6 Bd7 19. Rhe1 Qc8 20. Rxe7 Rxe7 21. Qxe7 Be6 22. Be5 Qf8 23.
Qf6 Bxa2 24. b3 a5 25. Rd7 1-0

[Event "Vaujany Principal"]
[Site "Vaujany"]
[Date "2012.08.02"]
[Round "1.22"]
[White "Gombos, Bettina"]
[Black "Csonka, Balazs"]
[Result "0-1"]
[WhiteElo "1966"]
[BlackElo "2306"]
[Annotator "Jean-pierre,LEES"]
[PlyCount "94"]
[SourceDate "2012.07.12"]
[TimeControl "240+2"]

{1024MB, Fritz8.ctg
} 1. e4 c5 2. Nf3 d6 3. d4 cxd4 4. Nxd4 Nf6 5. Nc3 a6 6.
Be3 e6 7. f3 b5 8. Qd2 b4 9. Nce2 Nbd7 10. g4 h6 11. O-O-O d5 12. exd5 Nxd5 13.
Bf2 Bb7 14. Kb1 Bc5 15. Ng3 Rc8 16. Ne4 Be7 17. Bd3 Nc5 18. Nxc5 Bxc5 19. Nb3
Bxf2 20. Qxf2 Qc7 21. Rhe1 O-O 22. h4 a5 23. Bb5 Bc6 24. Bxc6 Qxc6 25. Nxa5 Qa4
26. Rxd5 exd5 27. Nb3 Ra8 28. Nc1 Rfe8 29. Rxe8+ Rxe8 30. Qc5 Re1 31. Qxd5 Qe8
32. Qd2 Qe3 33. Qxe3 Rxe3 34. f4 Rf3 35. f5 Rf4 36. b3 Rxg4 37. h5 g6 38. fxg6
fxg6 39. hxg6 h5 40. Nd3 h4 41. Nf2 Rxg6 42. a4 bxa3 43. b4 Rg2 44. Nh3 Rg3 45.
Nf2 h3 46. b5 h2 47. b6 Rg6 0-1

[Event "Vaujany Principal"]
[Site "Vaujany"]
[Date "2012.07.12"]
[Round "1.23"]
[White "Meng, Roger"]
[Black "Hourlier, Claire"]
[Result "1-0"]
[WhiteElo "2272"]
[BlackElo "1964"]
[Annotator "Jean-pierre,LEES"]
[PlyCount "87"]
[SourceDate "2012.07.12"]
[TimeControl "240+2"]

{1024MB, Fritz8.ctg
} 1. d4 Nf6 2. Nf3 c5 3. d5 d6 4. Nc3 e5 5. dxe6 fxe6 6. e4
d5 7. Bb5+ Nc6 8. exd5 exd5 9. O-O a6 10. Bxc6+ bxc6 11. Bg5 Be7 12. Bxf6 Bxf6
13. Re1+ Kf7 14. Ne5+ Bxe5 15. Qh5+ g6 16. Qxe5 Re8 17. Qf4+ Kg8 18. Na4 Rf8
19. Qe3 c4 20. Qe5 Bf5 21. Re2 Qg5 22. h4 Qf6 (22... Qxh4 23. Rae1) 23. Qxf6
Rxf6 24. b3 cxb3 25. axb3 Re6 26. Rxe6 Bxe6 27. Nc5 Bf5 28. c3 Kf7 29. f3 Ke7
30. Kf2 Kd6 31. b4 Ra7 32. Rxa6 Rxa6 33. Nxa6 h5 34. Ke3 Ke5 35. Nc5 Bc2 36. g4
hxg4 37. fxg4 Bd1 38. Nd3+ Ke6 39. Kd4 Bc2 40. Ne5 Kd6 41. h5 gxh5 42. gxh5 Bf5
43. h6 Bh7 44. Nf7+ 1-0

[Event "Vaujany Principal"]
[Site "Vaujany"]
[Date "2012.07.12"]
[Round "1.24"]
[White "Haver, Daan"]
[Black "Ruecker, Benjamin"]
[Result "1/2-1/2"]
[WhiteElo "1961"]
[BlackElo "2260"]
[Annotator "Jean-pierre,LEES"]
[PlyCount "77"]
[SourceDate "2012.07.12"]
[TimeControl "240+2"]

{1024MB, Fritz8.ctg
} 1. e4 c5 2. Nf3 e6 3. d4 cxd4 4. Nxd4 Nc6 5. Nc3 Qc7 6.
Be2 a6 7. O-O Nf6 8. Be3 Bb4 9. Na4 Be7 10. Nxc6 bxc6 11. Nb6 Rb8 12. Nxc8 Qxc8
13. e5 Nd5 14. Bd4 c5 15. c4 cxd4 16. cxd5 Qc5 17. dxe6 (17. Bf3) 17... fxe6
18. Re1 O-O 19. Bd3 Rf7 20. b3 Rbf8 21. Rc1 Qa5 22. Rc2 g6 23. Re4 Rf5 24. Rce2
Qc5 25. Qa1 Rf4 26. Rxf4 Rxf4 27. Bxa6 Bf8 28. Bd3 Bg7 29. Qe1 Rf8 30. g3 Rf3
31. b4 Qc7 32. Qd1 Qc3 33. Be4 Rf8 34. b5 Qc5 35. Bd3 Bxe5 36. a4 Bc7 37. Rc2
Qb6 38. Qd2 Ra8 39. Rc4 1/2-1/2

[Event "Vaujany Principal"]
[Site "Vaujany"]
[Date "2012.07.12"]
[Round "1.25"]
[White "Frick, Christoph"]
[Black "Roche, Yves"]
[Result "1/2-1/2"]
[WhiteElo "2258"]
[BlackElo "1956"]
[Annotator "Jean-pierre,LEES"]
[PlyCount "62"]
[SourceDate "2012.07.12"]
[TimeControl "240+2"]

{1024MB, Fritz8.ctg
} 1. e4 c5 2. Nc3 Nc6 3. g3 e6 4. Bg2 Nf6 5. f4 d5 6. e5
Ng8 (6... d4) 7. Nf3 a6 8. O-O g6 9. b3 Nh6 10. Bb2 Nf5 11. Ne2 h5 12. c4 d4
13. Nc1 Be7 14. Nd3 Bd7 15. Rc1 b6 16. Qe2 a5 17. a4 Nb4 18. Nxb4 axb4 19. Ng5
Bxg5 20. Bxa8 Qxa8 21. fxg5 Bc6 22. Qf2 Bb7 23. h3 Qc8 24. Kh2 Qc6 25. Rce1 Kd8
26. Rg1 Kc8 27. Bc1 d3 28. Bb2 Rd8 29. Qg2 Qc7 30. Qf2 Qc6 31. Qg2 Qc7 1/2-1/2